Städte der Slowakei - Statistiken

Allgemein
  • Dieses Quiz wurde 111 mal gespielt
  • Das Durchschnittsergebnis liegt bei 7 aus 20
Antwortstatistiken
Rang Einwohner Stadt % Korrekt
1 440.948 Bratislava
99%
2 238.138 Kaschau
89%
6 76.028 Neutra
61%
5 77.719 Neusohl
55%
7 64.735 Tyrnau
55%
4 80.386 Sillein
52%
8 55.416 Trentschin
48%
3 87.886 Eperies
47%
10 50.998 Deutschendorf
37%
9 53.763 Turz-Sankt Martin
34%
12 42.092 Altsohl
26%
15 37.193 Neuhäusl
20%
14 38.447 Großmichel
19%
18 32.491 Homenau
18%
16 36.729 Neudorf
15%
17 33.539 Komorn
14%
11 45.141 Priwitz
13%
13 38.937 Waagbistritz
12%
20 32.099 Bartfeld
11%
19 32.470 Lewenz
10%
Keine übereinstimmenden Quizze gefunden
Verteilung der Resultate
Anzahl Personen mit jedem Resultat
Perzentil nach korrekt beantworteten Fragen
Ihre Resultats-Entwicklung
Sie haben dieses Quiz noch nicht gespielt